Clinical drug therapy : (Record no. 1683)
[ view plain ]
| 000 -LEADER | |
|---|---|
| fixed length control field | 03707cam a22002294a 4500 |
| 020 ## - INTERNATIONAL STANDARD BOOK NUMBER | |
| ISBN | 0781762634 (pbk.) |
| 050 00 - CALL NUMBER | |
| Classification number | RM262 |
| Item number | .Ab8 |
| 100 1# - AUTHOR | |
| Personal name | Abrams, Anne Collins. |
| 245 10 - TITLE | |
| Title | Clinical drug therapy : |
| Remainder of title | rationales for nursing practice / |
| Statement of responsibility, etc | Anne Collins Abrams, Carol Barnett Lammon, Sandra Smith Pennington ; consultant, Tracey L. Goldsmith. |
| 250 ## - EDITION | |
| Edition statement | 8th ed. |
| 260 ## - PUBLICATION INFORMATION | |
| Place of publication | Philadelphia : |
| Name of publisher | Lippincott Williams & Wilkins, |
| Year of publication | c2007. |
| 300 ## - DESCRIPTION | |
| Number of Pages | xxii, 1140 p. : |
| Other physical details | ill. (some col.) ; |
| Dimensions | 28 cm. + |
| Accompanying material | 1 CD-ROM (4 3/4 in.) + 1 photo atlas (60 p. ; 28 cm.) |
| 505 0# - FORMATTED CONTENTS NOTE | |
| Table of Content | SECTION 1: FOUNDATIONS OF DRUG THERAPY: Introduction to pharmacology -- Basic concepts and processes -- Administering medications -- Nursing process in drug therapy -- SECTION 2: DRUGS AFFECTING THE CENTRAL NERVOUS SYSTEM: Physiology of the central nervous system -- Opioid analgesiacs and opioid antagonists -- Analgesic- antipyretic- anti-inflammatory and related drugs -- Antianxiety and sedative-hypnotic drugs -- Antipsychotic drugs -- Antidepressants and mood stabilizers -- Antiseisure drugs -- Antiparkinson drugs -- Skeletal muscle relaxants -- Substance abuse disorders -- Central nervous system stimulants -- SECTION 3: DRUGS AFFECTING THE AUTONOMIC NERVOUS SYSTEM: Physiology of the autonomic nervous system -- Adrenergic drugs -- Antiadrenergic drugs -- Cholinergic drugs -- Anticholinergic drugs -- SECTION 4: DRUGS AFFECTING THE ENDOCRINE SYSTEM: Physiology of the endocrine system -- Hypothalamic and pituitary hormones -- Corticosteroids -- Thyroid and antithyroid drugs -- Hormones that regulate calcium and bone metabolism -- Antidiabetic drugs -- Estrogens, progestins, and hormonal contraceptives -- Androgens and anabolic steroids -- SECTION 5: DRUGS USED TO TREAT INFECTIONS: General characteristics of antimicrobial drugs -- Bata-lactam antibacterials: penicillins, cephalosporins, and other drugs -- Aminoglycosides and fluoroquinolones -- Tetracyclines, sulfonamides, and urinary agents -- Macrolides, ketolides, and miscellaneous antibacterials -- Drugs for tuberculosis and mycobacterium avium complex (MAC) disease -- Antiviral drugs -- Antifungal drugs -- Antiparasitics -- SECTION 6: DRUGS AFFECTING HEMATOPOIESIS AND THE IMMUNE SYSTEM: Physiology of the hematopoietic and immune systems -- Immunizing agents -- Hematopoietic and immunostimulant drugs -- Immunosuppressants -- Drugs used in oncologic disorders -- SECTION 7: DRUGS AFFECTING THE RESPIRATORY SYSTEM: Physiology of the respiratory system -- Drugs for asthma and other bronchoconstrictive disorders -- Antihistamines and allergic disorders -- Nasal decongestants, antitussives, and cold remedies -- SECTION 8: DRUGS AFFECTING THE CARDIOVASCULAR SYSTEM: Physiology of the cardiovascular system -- Drug therapy for heart failure -- Antidysrhythmic drugs -- Antianginal drugs -- Drugs used in hypotension and shock -- Antihypertensive drugs -- Diuretics -- Drugs that affect blood coagulation -- Drugs for dyslipidemia -- SECTION 9: DRUGS AFFECTING THE DIGESTIVE SYSTEM: Physiology of the digestive system -- Nutritional support products, vitamins, and mineral-electrolytes -- Drugs to aid weight management -- Drugs used for peptic ulcer and acid reflex disorders -- Laxatives and cathartics -- Antidiarrheals -- Antiemetics -- SECTION 10: DRUGS USED IN SPECIAL CONDITONS: Drugs in ophthalmic conditions -- Drugs used in dermatologic conditions -- Drugs used during pregnancy and lactation -- Appendices. |
| 650 #0 - SUBJECTS | |
| Topical Term | Chemotherapy. |
| 650 #0 - SUBJECTS | |
| Topical Term | Drugs. |
| 650 #0 - SUBJECTS | |
| Topical Term | Nursing. |
| 650 12 - SUBJECTS | |
| Topical Term | Pharmaceutical Preparations |
| 650 22 - SUBJECTS | |
| Topical Term | Drug Therapy |
| 700 1# - OTHER AUTHORS | |
| Personal name | Lammon, Carol Barnett. |
| 700 1# - OTHER AUTHORS | |
| Personal name | Pennington, Sandra Smith. |
| 942 ## - ADDED ENTRY ELEMENTS (KOHA) | |
| Koha item type | Books |
| Withdrawn status | Lost status | Home library | Current library | Shelving location | Date acquired | Full call number | Accession Number | Koha item type |
|---|---|---|---|---|---|---|---|---|
| Methodist University Library Wenchi Nursing | Methodist University Library Wenchi Nursing | General Stacks | 15/01/2018 | RM262 .Ab8 | 1505 | Books |